| 000 | 00997cab a2200229 4500 | ||
|---|---|---|---|
| 001 | ABS68540 | ||
| 008 | 041222n2004 000 0 eng u | ||
| 035 | _a(Sirsi) u128387 | ||
| 100 | _aDraper, D. | ||
| 245 | _aResponsible reform | ||
| 260 | _c2004 | ||
| 490 |
_aPremises and Facilities Management _vDecember 2004, 33-34 |
||
| 520 | _aExamines the proposals from the ODPM to abolish fire certificates for non domestic premises. There will be greater emphasis placed on fire prevention with a single regime based on risk assessment. The reforms will simplify existing law and are expected to come into force in 2005 under a Regulatory Reform (Fire Safety) Order, applying first to England and Wales. | ||
| 590 | _aABS | ||
| 650 | _aMANAGEMENT-HEALTH AND SAFETY-FIRE SAFETY | ||
| 650 | _aFIRE SAFETY LEGISLATION | ||
| 650 | _aFIRE CERTIFICATE | ||
| 650 | _aREGULATORY REFORM (FIRE SAFETY) ORDER 2005 | ||
| 650 | _aFIRE AUTHORITIES | ||
| 690 |
_aHealth and safety _96244 |
||
| 942 | _n0 | ||
| 999 |
_c74690 _d74690 |
||